| 000 | 01993cam a22004694i 4500 | ||
|---|---|---|---|
| 003 | PE-LiUPU | ||
| 005 | 20250731165547.0 | ||
| 008 | 150625s1988 xxu r 000 0 eng d | ||
| 035 | _a(Sirsi) a34190 | ||
| 035 | _a(Sirsi) a34190 | ||
| 040 |
_aPE-LiUPU _bspa _cPE-LiUPU _erda |
||
| 082 | 0 | 4 |
_a225.7 _bHNT _221 |
| 100 | 1 |
_aWilliams, C.S.C., _eautor. |
|
| 245 | 1 | 4 |
_aThe Acts of the Apostles / _cC.S.C. Williams. |
| 264 | 1 |
_aMassachusetts : _bHendrickson Publishers, _c1988. |
|
| 300 |
_a301 páginas ; _c22 centímetros |
||
| 336 |
_atext _2rdacontent |
||
| 337 |
_aunmediated _2rdamedia |
||
| 338 |
_avolume _2rdacarrier |
||
| 505 | 0 | _aExternal evidence -- Internal evidence -- The autor of the we-Section and of the rest of luke-Acts -- Did Luke use sourses -- The date of acts -- The porpuse and conclusion of Acts -- The purpose and conclusion of acts -- Did Luke use Josephus -- Discrepancies between Paul and acts -- Local Knowledge shown in acts -- The apostolic Decree -- The cronology of events narrated in Acts -- The speeches and theology of acts -- The text of acts. | |
| 526 | _aSEG44 | ||
| 526 | _aSEG26 | ||
| 526 | _aP151 | ||
| 526 | _aP150 | ||
| 526 | _aP149 | ||
| 526 | _aP146 | ||
| 526 | _aP145 | ||
| 526 | _aP126 | ||
| 526 | _aP125 | ||
| 526 | _aP92 | ||
| 526 | _aP75 | ||
| 526 | _aP74 | ||
| 526 | _aP27 | ||
| 526 | _aP15 | ||
| 630 | 0 | 4 |
_aBiblia. _pN.T. _pHechos _vComentarios. |
| 942 |
_2ddc _cBOOK |
||
| 949 |
_aRC 225.7 HNT _wDEWEY _c1 _i37849 _lRC _mBUL _r0 _sY _tBOOK _u2015-6-25 _xBIBLIOTECA _zUNKNOWN _0COMPRA _o.CIRCNOTE. No olvidar cambiar la fecha de devolución!!!!!!! _o.STAFF. Colección Teología |
||
| 994 |
_aC0 _bPEPRU |
||
| 596 | _a1 | ||
| 999 |
_aRC 225.7 HNT _wDEWEY _c42020 _i37849 _d42020 _f2021-11-8 _g6 _lCCODEBUL1 _mBUL _p33.00 _q1 _r1 _sY _tBOOK _u2015-6-25 _xTEOLOGIA _PP35 _0COMPRA _o.CIRCNOTE. No olvidar cambiar la fecha de devolución!!!!!!! _o.STAFF. Colección Teología |
||
| 980 |
_81 _gALBERTO SANCHEZ Responsable de Automatización |
||